[Event "16th 4NCL Congress"]
[Site "Coventry"]
[Date "2017.11.03"]
[Round "1"]
[Board "1"]
[White "Adair, James R"]
[Black "Lam, Paul Gm"]
[Result "1-0"]
[WhiteElo "2479"]
[BlackElo "2117"]
[PlyCount "91"]
[EventDate "2017.11.03"]
[EventRounds "5"]
[EventCountry "ENG"]

1. e4 Nc6 2. d4 d5 3. e5 Bf5 4. c3 f6 5. f4 e6 6. Nd2 Nh6 7. Ndf3 Be7 8. Bd3
Bxd3 9. Qxd3 fxe5 10. fxe5 Nf5 11. Nh3 Qd7 12. O-O O-O-O 13. Nfg5 Rdf8 14. g4
Nh6 15. Rxf8+ Bxf8 16. Nf4 Be7 17. Nxh7 g5 18. Nh3 Nxg4 19. N3xg5 Bxg5 20. Nxg5
Qg7 21. h3 Nh6 22. Kh1 Nd8 23. Bd2 Qd7 24. Rf1 Qg7 25. Rf6 Qd7 26. b3 Kb8 27.
a4 a6 28. Nxe6 Ng4 29. Ng5 Nxf6 30. exf6 Nf7 31. Kg2 Nxg5 32. Bxg5 Rh5 33. Qe3
Qf5 34. h4 Rh8 35. Qf3 Qc2+ 36. Kg3 Qg6 37. Qxd5 Qd3+ 38. Kg4 Qd1+ 39. Kf5 Qc2+
40. Qe4 Qxb3 41. d5 Qxc3 42. Kg6 Qc5 43. f7 Qb6+ 44. Kg7 Qb2+ 45. Bf6 Qa3 46.
Qe7 1-0

[Event "16th 4NCL Congress"]
[Site "Coventry"]
[Date "2017.11.03"]
[Round "1"]
[Board "2"]
[White "Longson, Sarah N"]
[Black "Hebden, Mark L"]
[Result "1-0"]
[WhiteElo "2102"]
[BlackElo "2460"]
[PlyCount "135"]
[EventDate "2017.11.03"]
[EventRounds "5"]
[EventCountry "ENG"]

1. e4 e5 2. Nf3 Nc6 3. Bc4 Nf6 4. d3 Be7 5. O-O O-O 6. Re1 d6 7. c3 Na5 8. Bb5
a6 9. Ba4 b5 10. Bc2 c5 11. Nbd2 Re8 12. Nf1 h6 13. Ng3 Bf8 14. h3 Bb7 15. d4
cxd4 16. cxd4 exd4 17. Nxd4 Rc8 18. b3 d5 19. e5 Ne4 20. Nxe4 dxe4 21. Bxe4 Bb4
22. Qg4 Rxe5 23. Bxh6 Qf6 24. Bxb7 Rd8 25. Rxe5 Qxe5 26. Qxg7+ Qxg7 27. Bxg7
Kxg7 28. Nc6 Nxc6 29. Bxc6 Rd2 30. a4 Bc3 31. Rc1 b4 32. Be4 Kf6 33. Rc2 Rd1+
34. Kh2 Ke5 35. Bh7 Kf4 36. Re2 f5 37. Re3 Kg5 38. Re6 Rd2 39. Kg3 Rd3+ 40. Kh2
Rd7 41. h4+ Kg4 42. Bg6 Rd2 43. f3+ Kxh4 44. Bxf5 Kg5 45. Be4 Kf4 46. Rxa6 Rb2
47. Bd5 Be1 48. Rf6+ Ke5 49. Re6+ Kxd5 50. Rxe1 Rxb3 51. Re4 Kc5 52. f4 Rb1 53.
f5 b3 54. Re8 Rf1 55. Rb8 Kc4 56. g4 Kc3 57. Kg2 Rf4 58. Kg3 Rb4 59. Rxb4 Kxb4
60. f6 b2 61. f7 b1=Q 62. f8=Q+ Kc4 63. Qf7+ Kc3 64. Qf6+ Kc4 65. Qe6+ Kc3 66.
Qe5+ Kd2 67. Qd4+ Ke2 68. Qf2+ 1-0

[Event "16th 4NCL Congress"]
[Site "Coventry"]
[Date "2017.11.03"]
[Round "1"]
[Board "3"]
[White "Greet, Andrew N"]
[Black "White, Stuart A"]
[Result "1-0"]
[WhiteElo "2460"]
[BlackElo "2098"]
[PlyCount "45"]
[EventDate "2017.11.03"]
[EventRounds "5"]
[EventCountry "ENG"]

1. Nf3 d5 2. e3 Bg4 3. c4 Nf6 4. cxd5 Qxd5 5. Nc3 Qa5 6. h3 Bf5 7. d4 e6 8. Ne5
c6 9. g4 Bg6 10. h4 Ne4 11. h5 Nxc3 12. bxc3 Be4 13. f3 Bd5 14. Kf2 f6 15. Nc4
Bxc4 16. Bxc4 Qxc3 17. Bxe6 Qxa1 18. Qb3 b5 19. Kg2 Na6 20. Bb2 Qxh1+ 21. Kxh1
Nc7 22. Qc2 c5 23. Qe4 1-0

[Event "16th 4NCL Congress"]
[Site "Coventry"]
[Date "2017.11.03"]
[Round "1"]
[Board "4"]
[White "Jarmany, John"]
[Black "Tan, Justin Hy"]
[Result "0-1"]
[WhiteElo "2095"]
[BlackElo "2453"]
[PlyCount "70"]
[EventDate "2017.11.03"]
[EventRounds "5"]
[EventCountry "ENG"]

1. d4 Nf6 2. Nf3 d5 3. e3 c5 4. b3 Nc6 5. Bd3 Bg4 6. Bb2 cxd4 7. exd4 e6 8.
Nbd2 Bd6 9. a3 O-O 10. h3 Bh5 11. g4 Bg6 12. Qe2 Qc7 13. Bxg6 hxg6 14. Ne5 Nd7
15. Ndf3 Rac8 16. h4 Ncxe5 17. dxe5 Qxc2 18. exd6 Qxe2+ 19. Kxe2 Rc2+ 20. Nd2
Rxb2 21. Rhc1 b6 22. Rc7 Rd8 23. b4 Ne5 24. Kd1 Rxd6 25. f3 Nc4 26. Rc8+ Kh7
27. Nb3 f6 28. Rc1 Rg2 29. g5 Rg4 30. Ke2 Rf4 31. Rh1 d4 32. gxf6 d3+ 33. Kf2
Ne5 34. Rh3 Rxf6 35. Ke3 Rxf3+ 0-1

[Event "16th 4NCL Congress"]
[Site "Coventry"]
[Date "2017.11.03"]
[Round "1"]
[Board "5"]
[White "Williams, Simon K"]
[Black "Coleman, David J"]
[Result "1-0"]
[WhiteElo "2437"]
[BlackElo "2093"]
[PlyCount "41"]
[EventDate "2017.11.03"]
[EventRounds "5"]
[EventCountry "ENG"]

1. d4 Nf6 2. Bf4 g6 3. Nc3 d5 4. e3 Bg7 5. Be2 O-O 6. Nf3 Bg4 7. h3 Bxf3 8.
Bxf3 c6 9. O-O Nbd7 10. g4 Nb6 11. Bg3 Nfd7 12. e4 dxe4 13. Nxe4 e5 14. dxe5
Nxe5 15. Bg2 Nd5 16. g5 Qb6 17. Nf6+ Nxf6 18. gxf6 Rfd8 19. Qe1 Bxf6 20. Bxe5
Re8 21. Bxf6 1-0

[Event "16th 4NCL Congress"]
[Site "Coventry"]
[Date "2017.11.03"]
[Round "1"]
[Board "6"]
[White "Burrows, Martin P"]
[Black "Arkell, Keith C"]
[Result "1/2-1/2"]
[WhiteElo "2085"]
[BlackElo "2423"]
[PlyCount "139"]
[EventDate "2017.11.03"]
[EventRounds "5"]
[EventCountry "ENG"]

1. e4 e6 2. d4 d5 3. Nc3 Nf6 4. e5 Nfd7 5. f4 c5 6. Nf3 Nc6 7. Be3 a6 8. Qd2 b5
9. a3 Qb6 10. Ne2 Bb7 11. dxc5 Bxc5 12. Ned4 Nxd4 13. Nxd4 Qc7 14. Bd3 O-O 15.
Qf2 Be7 16. O-O Nc5 17. Rae1 Ne4 18. Bxe4 dxe4 19. Qg3 Rfe8 20. f5 Bf8 21. fxe6
fxe6 22. Rf6 Bd5 23. Ref1 Rad8 24. c3 Bc5 25. h4 Rf8 26. h5 Rxf6 27. Rxf6 Kh8
28. Rf2 Rf8 29. Rxf8+ Bxf8 30. Qf4 Kg8 31. Kh2 Qd7 32. Ne2 Qe8 33. Ng3 h6 34.
Kh3 Kh7 35. Qg4 Kh8 36. Ne2 Bc6 37. Nf4 Kg8 38. Kg3 Bd7 39. Ng6 Qa8 40. Qf4 a5
41. Nxf8 Qxf8 42. Qxf8+ Kxf8 43. Bb6 a4 44. Kf4 Bc6 45. g4 Bd5 46. g5 hxg5+ 47.
Kxg5 Bb3 48. h6 gxh6+ 49. Kxh6 Ke7 50. Kg5 Kd7 51. Kf4 Kc6 52. Ba5 Kd5 53. c4+
Bxc4 54. Bc3 Bd3 55. Ke3 Kc4 56. Kd2 Bb1 57. Ke3 Kb3 58. Bd4 Bd3 59. Bc3 Bc2
60. Bd4 Bb1 61. Bc3 Kc4 62. Bd2 Bd3 63. Bc3 Kb3 64. Kd2 Bc4 65. Ke3 Bd5 66. Kd2
Bc6 67. Ke3 Kc2 68. Kd4 b4 69. Bxb4 Kxb2 70. Ke3 1/2-1/2

[Event "16th 4NCL Congress"]
[Site "Coventry"]
[Date "2017.11.03"]
[Round "1"]
[Board "7"]
[White "Merry, Alan B"]
[Black "Okhai, Shabir"]
[Result "1-0"]
[WhiteElo "2422"]
[BlackElo "2075"]
[PlyCount "91"]
[EventDate "2017.11.03"]
[EventRounds "5"]
[EventCountry "ENG"]

1. e4 e5 2. Bc4 Nf6 3. d3 Nc6 4. Nc3 Na5 5. Bb3 Nxb3 6. axb3 d5 7. exd5 Bb4 8.
Nf3 Qxd5 9. O-O Bxc3 10. bxc3 Bg4 11. c4 Bxf3 12. Qxf3 Qxf3 13. gxf3 O-O 14.
Re1 Nd7 15. f4 f6 16. fxe5 Nxe5 17. Kg2 Ng6 18. f4 a6 19. Bd2 Rfe8 20. b4 Kf7
21. Kf2 Rxe1 22. Rxe1 Re8 23. Ra1 Ke6 24. b5 axb5 25. cxb5 Kf5 26. Ra7 Rb8 27.
Kf3 Nf8 28. Be3 g5 29. b6 cxb6 30. Bxb6 h5 31. c4 Re8 32. fxg5 fxg5 33. Rxb7
g4+ 34. Kf2 Ne6 35. Be3 Ra8 36. Rh7 Rd8 37. Ke2 Nf4+ 38. Bxf4 Kxf4 39. Rxh5 Ra8
40. Kd2 Kf3 41. c5 Ra5 42. Kc3 Ke3 43. Re5+ Kf3 44. d4 Ra1 45. d5 Rh1 46. d6
 1-0

[Event "16th 4NCL Congress"]
[Site "Coventry"]
[Date "2017.11.03"]
[Round "1"]
[Board "8"]
[White "Moore, Gerald"]
[Black "Roberson, Peter T"]
[Result "1/2-1/2"]
[WhiteElo "2071"]
[BlackElo "2403"]
[PlyCount "80"]
[EventDate "2017.11.03"]
[EventRounds "5"]
[EventCountry "ENG"]

1. Nf3 d5 2. c4 e6 3. g3 d4 4. Bg2 c5 5. b4 cxb4 6. a3 Nc6 7. axb4 Bxb4 8. Bb2
Nge7 9. O-O O-O 10. e3 e5 11. Qa4 a5 12. Qb5 f6 13. exd4 e4 14. Ne1 Nf5 15.
Bxe4 Nfxd4 16. Qh5 f5 17. Bd5+ Be6 18. Nc3 g6 19. Qd1 Re8 20. Bxe6+ Rxe6 21.
Nd5 Bf8 22. Nf3 Bg7 23. Rb1 Rb8 24. Nxd4 Nxd4 25. Bxd4 Bxd4 26. Rb5 b6 27. Qb3
Kh8 28. Qd3 Re4 29. Rfb1 a4 30. Kg2 Bc5 31. Qc3+ Bd4 32. Qd3 Bc5 33. Qc3+ Rd4
34. Nb4 Bxb4 35. R1xb4 Kg8 36. Rxa4 Rxd2 37. Ra7 Rd7 38. Rd5 Rxa7 39. Rxd8+
Rxd8 40. Qf6 Rad7 1/2-1/2

[Event "16th 4NCL Congress"]
[Site "Coventry"]
[Date "2017.11.03"]
[Round "1"]
[Board "9"]
[White "Mcphillips, Joseph"]
[Black "Koehn, Lennart"]
[Result "1-0"]
[WhiteElo "2401"]
[BlackElo "2069"]
[PlyCount "99"]
[EventDate "2017.11.03"]
[EventRounds "5"]
[EventCountry "ENG"]

1. e4 c5 2. Nf3 d6 3. c3 Nf6 4. h3 Nc6 5. Bd3 g6 6. O-O Bg7 7. Bc2 O-O 8. Re1
Bd7 9. d4 cxd4 10. cxd4 Rc8 11. Nc3 a6 12. Bg5 h6 13. Be3 Na5 14. e5 Ne8 15.
Bc1 Nc7 16. d5 dxe5 17. Nxe5 Nb5 18. Nxb5 Bxb5 19. a4 Be8 20. Bf4 Nc4 21. Bb3
Nd6 22. Qf3 Nf5 23. Rad1 Kh7 24. Nc4 Bxa4 25. d6 exd6 26. Nxd6 Bc6 27. Qd3 Nxd6
28. Bxd6 Qg5 29. g3 Rfe8 30. Bxf7 Rxe1+ 31. Rxe1 Qf6 32. Bd5 Re8 33. Rxe8 Bxe8
34. b4 Bb5 35. Qd1 Bc6 36. Bxc6 bxc6 37. Bc5 Qf5 38. Qd6 Qe4 39. Qd7 h5 40. Bf8
Qe5 41. Bxg7 Qxg7 42. Qxc6 Qa1+ 43. Kg2 Qa3 44. Qd7+ Kg8 45. Qe8+ Kg7 46. Qe5+
Kf7 47. Qc7+ Kg8 48. Qb8+ Kg7 49. Qa7+ Kf6 50. b5 1-0

[Event "16th 4NCL Congress"]
[Site "Coventry"]
[Date "2017.11.03"]
[Round "1"]
[Board "10"]
[White "Lentzos, Ioannis"]
[Black "Bates, Richard A"]
[Result "1-0"]
[WhiteElo "2021"]
[BlackElo "2397"]
[PlyCount "65"]
[EventDate "2017.11.03"]
[EventRounds "5"]
[EventCountry "ENG"]

1. c4 e6 2. Nc3 Bb4 3. e4 Ne7 4. d4 d5 5. Bd3 c5 6. a3 cxd4 7. axb4 dxc3 8.
bxc3 Qc7 9. Qe2 dxc4 10. Bxc4 Nd7 11. Bb2 Ng6 12. Nf3 Nf4 13. Qf1 O-O 14. g3
Ne5 15. Nxe5 Qxe5 16. gxf4 Qxe4+ 17. Kd2 Qxf4+ 18. Kc2 e5 19. Bc1 Bf5+ 20. Kb2
Qe4 21. Bb3 Rac8 22. Be3 Rfd8 23. Rd1 Rxd1 24. Qxd1 Qc6 25. Qc1 a5 26. bxa5 Qb5
27. Bb6 Qe2+ 28. Ka3 h6 29. Qe3 Qg4 30. f3 Qg6 31. Qxe5 Kh7 32. Rg1 Re8 33. Qd4
 1-0

[Event "16th 4NCL Congress"]
[Site "Coventry"]
[Date "2017.11.03"]
[Round "1"]
[Board "11"]
[White "Arakhamia-Grant, Ketevan E"]
[Black "Yoon, Jacob D"]
[Result "1/2-1/2"]
[WhiteElo "2369"]
[BlackElo "2009"]
[PlyCount "96"]
[EventDate "2017.11.03"]
[EventRounds "5"]
[EventCountry "ENG"]

1. e4 c5 2. Nf3 e6 3. d4 cxd4 4. Nxd4 a6 5. Bd3 Nc6 6. Nxc6 dxc6 7. O-O e5 8.
Be3 Be6 9. Nd2 Qc7 10. a4 Nf6 11. a5 Bb4 12. Bb6 Qe7 13. c3 Bc5 14. Bxc5 Qxc5
15. Qc2 Rd8 16. Be2 O-O 17. b4 Qe7 18. Rab1 Nd7 19. Rfd1 Qg5 20. Nf3 Qg6 21.
Nh4 Qg5 22. Nf3 Qg6 23. Nh4 Qg5 24. g3 g6 25. Rd6 Qe7 26. Rbd1 Nf6 27. R6d3 Rc8
28. R3d2 c5 29. Qb1 cxb4 30. cxb4 Bc4 31. Bf3 Bb5 32. Ng2 Rc4 33. Rb2 Bc6 34.
Ne3 Bxe4 35. Bxe4 Rxe4 36. b5 Ra4 37. bxa6 bxa6 38. Rb7 Qc5 39. Qb6 Ne4 40.
Qxc5 Nxc5 41. Rc7 Ne6 42. Ra7 Rxa5 43. Rd6 Nd4 44. Raxa6 Rxa6 45. Rxa6 Kg7 46.
Ra7 Re8 47. Kg2 Nb5 48. Rb7 Nd6 1/2-1/2

[Event "16th 4NCL Congress"]
[Site "Coventry"]
[Date "2017.11.03"]
[Round "1"]
[Board "12"]
[White "Bourne, Johnathan D"]
[Black "Sowray, Peter J"]
[Result "0-1"]
[WhiteElo "1954"]
[BlackElo "2322"]
[PlyCount "110"]
[EventDate "2017.11.03"]
[EventRounds "5"]
[EventCountry "ENG"]

1. e4 e5 2. f4 d5 3. exd5 exf4 4. Nf3 Nf6 5. Nc3 Nxd5 6. Bc4 Be6 7. Nxd5 Bxd5
8. Qe2+ Be7 9. Bxd5 Qxd5 10. d4 Nc6 11. Bxf4 O-O-O 12. c3 g5 13. Bg3 h5 14. O-O
h4 15. c4 Qd7 16. Bf2 g4 17. Ne5 Nxe5 18. dxe5 Rdg8 19. Rad1 Qc6 20. Be3 Qe4
21. Qd3 Qxd3 22. Rxd3 Rh5 23. Rxf7 Rxe5 24. Kf2 Re4 25. Rf4 Re6 26. Bd4 Bd6 27.
Rf7 Bxh2 28. Re3 Rge8 29. Rxe6 Rxe6 30. Be3 Bg3+ 31. Ke2 Be5 32. Kd3 Bxb2 33.
Bg5 h3 34. gxh3 gxh3 35. Rh7 Bf6 36. Bf4 Be5 37. Bxe5 Rxe5 38. Rxh3 Ra5 39. Rh2
Ra3+ 40. Kd4 b6 41. Kd5 Kb7 42. Rg2 Rd3+ 43. Ke4 Rd1 44. Ke3 a5 45. Rb2 Kc6 46.
Ke2 Rd4 47. Ke3 Rxc4 48. Kd3 b5 49. Rh2 Kb6 50. Rg2 c6 51. Rg5 Ra4 52. Rg2 Ra3+
53. Kd4 c5+ 54. Ke4 b4 55. Kd5 Kb5 0-1

[Event "16th 4NCL Congress"]
[Site "Coventry"]
[Date "2017.11.03"]
[Round "1"]
[Board "13"]
[White "Jackson, James P"]
[Black "Camp, Imogen Al"]
[Result "1-0"]
[WhiteElo "2304"]
[BlackElo "1855"]
[PlyCount "63"]
[EventDate "2017.11.03"]
[EventRounds "5"]
[EventCountry "ENG"]

1. e4 e5 2. Nf3 Nc6 3. Bb5 a6 4. Ba4 d6 5. c3 Bd7 6. O-O Nf6 7. Re1 g6 8. d4 b5
9. Bb3 Bg7 10. Bg5 h6 11. Bh4 O-O 12. Nbd2 Qe8 13. h3 Nh5 14. Nf1 Nf4 15. Ne3
Ne7 16. Bg3 g5 17. h4 g4 18. Nh2 h5 19. f3 gxf3 20. Nxf3 Neg6 21. Nf5 Qc8 22.
Nxg7 Kxg7 23. dxe5 dxe5 24. Nxe5 Nxe5 25. Bxf4 Ng6 26. Qxh5 Nxf4 27. Qe5+ Kh7
28. Qxf4 c5 29. Bc2 Qc6 30. e5+ Kg8 31. Qg5+ Kh8 32. Qh5+ 1-0

[Event "16th 4NCL Congress"]
[Site "Coventry"]
[Date "2017.11.03"]
[Round "1"]
[Board "14"]
[White "Han, Yichen"]
[Black "Richardson, John R"]
[Result "1/2-1/2"]
[WhiteElo "1835"]
[BlackElo "2252"]
[PlyCount "66"]
[EventDate "2017.11.03"]
[EventRounds "5"]
[EventCountry "ENG"]

1. e4 c6 2. d4 d5 3. Nd2 dxe4 4. Nxe4 Bf5 5. Ng3 Bg6 6. Nf3 Nd7 7. h4 h6 8. h5
Bh7 9. Bd3 Bxd3 10. Qxd3 e6 11. Bf4 Qa5+ 12. c3 Ngf6 13. Nd2 Nd5 14. Be3 Be7
15. Nb3 Qc7 16. Ne4 O-O 17. c4 Nb4 18. Qd2 b5 19. Nbc5 Nxc5 20. dxc5 a5 21. Nd6
bxc4 22. O-O Bxd6 23. cxd6 Qb7 24. Qe2 Qb5 25. a4 Qf5 26. Qxc4 Rfd8 27. Rfd1
Rd7 28. Bd2 Qd5 29. Qg4 Qf5 30. Qc4 Qd5 31. Qg4 Qf5 32. Qc4 Qd5 33. Qg4 Qf5
 1/2-1/2

[Event "16th 4NCL Congress"]
[Site "Coventry"]
[Date "2017.11.03"]
[Round "1"]
[Board "15"]
[White "Britton, Richard L"]
[Black "Metcalfe, Charlie P"]
[Result "1-0"]
[WhiteElo "2221"]
[BlackElo "1790"]
[PlyCount "79"]
[EventDate "2017.11.03"]
[EventRounds "5"]
[EventCountry "ENG"]

1. e4 e6 2. d3 d5 3. Nd2 c5 4. Ngf3 Nc6 5. g3 Nf6 6. Bg2 Be7 7. O-O O-O 8. Re1
b5 9. e5 Nd7 10. Nf1 a5 11. h4 b4 12. Bf4 Nb6 13. h5 c4 14. h6 g6 15. d4 Bb7
16. c3 a4 17. a3 bxc3 18. bxc3 Na5 19. Ra2 Nb3 20. Qe2 Nc8 21. Qe3 Na7 22. N1h2
Nb5 23. Ng4 Nxa3 24. Bg5 Nb5 25. Bxe7 Qxe7 26. Nf6+ Kh8 27. Ng5 Rfb8 28. Bf3
Bc6 29. Kg2 Rb7 30. Rh1 a3 31. Rh4 Be8 32. Rf4 Raa7 33. Bg4 Bc6 34. Nfxh7 Qe8
35. Bxe6 f5 36. exf6 Rxh7 37. f7 Qf8 38. Qe5+ Rg7 39. hxg7+ Qxg7 40. Qxg7+ 1-0

[Event "16th 4NCL Congress"]
[Site "Coventry"]
[Date "2017.11.03"]
[Round "1"]
[Board "16"]
[White "Rushbrooke, Remy"]
[Black "Grieve, Harry"]
[Result "1-0"]
[WhiteElo "1788"]
[BlackElo "2221"]
[PlyCount "139"]
[EventDate "2017.11.03"]
[EventRounds "5"]
[EventCountry "ENG"]

1. Nf3 c5 2. g3 Nc6 3. Bg2 g6 4. O-O Bg7 5. d3 d6 6. e4 e5 7. c3 Nge7 8. a3 a5
9. Be3 Qb6 10. Nbd2 a4 11. Nc4 Qc7 12. d4 Na5 13. Nxa5 Rxa5 14. dxe5 dxe5 15.
Nd2 Be6 16. b4 axb3 17. Nxb3 Rb5 18. Rb1 c4 19. Nd2 Qa5 20. Qe2 Rxb1 21. Rxb1
Qxc3 22. Rxb7 Nc6 23. Bf1 Na5 24. Ra7 O-O 25. Qd1 Nb3 26. Nxc4 Bxc4 27. Rc7 Na5
28. Bd2 Qd4 29. Qc2 Bxf1 30. Kxf1 Nb3 31. Bb4 Na1 32. Qc1 Re8 33. Rc8 Qd3+ 34.
Kg1 Qd7 35. Rxe8+ Qxe8 36. Qxa1 Qa4 37. Qc3 h5 38. Kg2 h4 39. Qc8+ Kh7 40. Qg4
Bf6 41. gxh4 Qc2 42. h5 Qb1 43. Qf3 Bg7 44. Bc3 Qc2 45. hxg6+ fxg6 46. Qh3+ Kg8
47. Qe6+ Kh7 48. Qh3+ Kg8 49. Qf3 Kh7 50. h4 Kh6 51. Qe3+ Kh7 52. Qf3 Kh6 53.
Bb4 Kh7 54. h5 gxh5 55. Qxh5+ Kg8 56. Qf5 Qe2 57. Bd6 Qa6 58. Bxe5 Bxe5 59.
Qxe5 Kh7 60. Qf5+ Kh6 61. Qh3+ Kg5 62. e5 Kf4 63. Qe3+ Kg4 64. e6 Qa8+ 65. f3+
Kh5 66. Qe5+ Kh6 67. Qf6+ Kh5 68. Qf7+ Kh4 69. Qg6 Qe4 70. Qh6# 1-0

[Event "16th 4NCL Congress"]
[Site "Coventry"]
[Date "2017.11.03"]
[Round "1"]
[Board "17"]
[White "Hand, Freddie"]
[Black "Gonem, Sherif"]
[Result "1-0"]
[WhiteElo "2192"]
[BlackElo "1785"]
[PlyCount "55"]
[EventDate "2017.11.03"]
[EventRounds "5"]
[EventCountry "ENG"]

1. d4 Nf6 2. c4 c5 3. d5 b5 4. cxb5 a6 5. b6 Qxb6 6. Nc3 d6 7. e4 g6 8. Nf3
Nbd7 9. Be2 Bg7 10. Nd2 O-O 11. Nc4 Qc7 12. a4 Rb8 13. a5 Bb7 14. O-O Rfe8 15.
Bf4 Ne5 16. Nxe5 dxe5 17. Be3 Rbd8 18. Qc2 e6 19. dxe6 Rxe6 20. f3 Rc6 21. Rfc1
Bf8 22. Bc4 Bc8 23. Nd5 Qd6 24. Rd1 Be7 25. Nb4 Qxd1+ 26. Rxd1 cxb4 27. Rxd8+
Bxd8 28. Bxf7+ 1-0

[Event "16th 4NCL Congress"]
[Site "Coventry"]
[Date "2017.11.03"]
[Round "1"]
[Board "18"]
[White "Phillips, David"]
[Black "Mason, Donald J"]
[Result "1/2-1/2"]
[WhiteElo "1784"]
[BlackElo "2125"]
[PlyCount "38"]
[EventDate "2017.11.03"]
[EventRounds "5"]
[EventCountry "ENG"]

1. d4 e6 2. Nf3 d5 3. Bf4 c5 4. e3 Nc6 5. c3 Nf6 6. Nbd2 Bd6 7. Bg3 O-O 8. Bd3
b6 9. e4 dxe4 10. Nxe4 Nxe4 11. Bxe4 Bb7 12. dxc5 Bxc5 13. Qe2 a5 14. Rd1 Qe7
15. O-O h6 16. Rd2 Rfd8 17. Rfd1 Rxd2 18. Rxd2 Rd8 19. h3 Rxd2 1/2-1/2

[Event "16th 4NCL Congress"]
[Site "Coventry"]
[Date "2017.11.03"]
[Round "1"]
[Board "19"]
[White "Richmond, Jane"]
[Black "Jukes, Sam"]
[Result "1-0"]
[WhiteElo "2124"]
[BlackElo "1745"]
[PlyCount "63"]
[EventDate "2017.11.03"]
[EventRounds "5"]
[EventCountry "ENG"]

1. e4 e5 2. Nf3 Nc6 3. Bb5 a6 4. Ba4 Nf6 5. O-O b5 6. Bb3 Be7 7. Qe2 O-O 8. a4
b4 9. d3 a5 10. Nbd2 d6 11. h3 Bd7 12. c3 Qc8 13. Nc4 Be6 14. Ng5 Nd7 15. Nxe6
fxe6 16. f4 Nc5 17. Bc2 exf4 18. Bxf4 e5 19. Be3 Nd7 20. Rxf8+ Qxf8 21. Rf1 Bf6
22. Qg4 Qe7 23. Nd2 Nd8 24. Bb3+ Kh8 25. cxb4 axb4 26. Nc4 c5 27. a5 Ra7 28.
Ba4 Kg8 29. Bb5 Rc7 30. Ra1 Nc6 31. Nb6 Qe8 32. Bxc6 1-0

[Event "16th 4NCL Congress"]
[Site "Coventry"]
[Date "2017.11.04"]
[Round "2"]
[Board "1"]
[White "Jackson, James P"]
[Black "Adair, James R"]
[Result "1-0"]
[WhiteElo "2304"]
[BlackElo "2479"]
[PlyCount "133"]
[EventDate "2017.11.03"]
[EventRounds "5"]
[EventCountry "ENG"]

1. d4 d5 2. c4 e6 3. Nc3 c6 4. e4 dxe4 5. Nxe4 Bb4+ 6. Nc3 c5 7. Nf3 Nf6 8. Be2
Nc6 9. Be3 Ng4 10. a3 Bxc3+ 11. bxc3 Nxe3 12. fxe3 O-O 13. O-O b6 14. Bd3 Bb7
15. d5 Na5 16. e4 Qf6 17. Qc2 Ba6 18. Nd2 Qe5 19. Rae1 Rae8 20. Nf3 Qh5 21. e5
Bxc4 22. Bxc4 Nxc4 23. d6 b5 24. a4 a6 25. Qe4 f6 26. axb5 axb5 27. Qc6 fxe5
28. d7 Rd8 29. Qxb5 e4 30. Qxc4 exf3 31. Qxe6+ Qf7 32. Rxf3 Qxe6 33. Rxf8+ Kxf8
34. Rxe6 Rxd7 35. Re5 Rd1+ 36. Kf2 Rd2+ 37. Kf1 Rc2 38. Rxc5 Ke7 39. h4 Kd6 40.
Rc4 Ke5 41. Kg1 Kf5 42. Kh2 g5 43. h5 g4 44. Kg3 Kf6 45. Rc5 h6 46. c4 Ke6 47.
Rc8 Kf5 48. Rc6 Kg5 49. Rc5+ Kf6 50. Kxg4 Rxg2+ 51. Kf4 Re2 52. Rc6+ Kg7 53.
Rg6+ Kh7 54. Rd6 Kg7 55. Kf5 Rf2+ 56. Ke6 Re2+ 57. Kd7 Rc2 58. Rd4 Ra2 59. c5
Ra5 60. c6 Rxh5 61. c7 Rc5 62. c8=Q Rxc8 63. Kxc8 Kf6 64. Rd5 Kg6 65. Kd7 h5
66. Ke6 h4 67. Ra5 1-0

[Event "16th 4NCL Congress"]
[Site "Coventry"]
[Date "2017.11.04"]
[Round "2"]
[Board "2"]
[White "Britton, Richard L"]
[Black "Greet, Andrew N"]
[Result "1-0"]
[WhiteElo "2221"]
[BlackElo "2460"]
[PlyCount "127"]
[EventDate "2017.11.03"]
[EventRounds "5"]
[EventCountry "ENG"]

1. e4 e5 2. Nf3 Nc6 3. Bb5 a6 4. Ba4 Nf6 5. O-O Be7 6. Re1 b5 7. Bb3 d6 8. c3
O-O 9. h3 Nb8 10. d4 Nbd7 11. Nbd2 Bb7 12. a4 c5 13. d5 c4 14. Bc2 Nc5 15. Nf1
Nfd7 16. Be3 Qc7 17. Ng3 g6 18. a5 Bc8 19. Nh2 Nb7 20. Ng4 Nxa5 21. f4 exf4 22.
Bxf4 f6 23. Nh6+ Kh8 24. h4 Ne5 25. h5 Bd8 26. Be3 Qe7 27. hxg6 hxg6 28. Kf2
Rf7 29. Rh1 Rh7 30. Qe2 Nb7 31. Rh2 Nc5 32. Rah1 Ra7 33. Nhf5 Qf8 34. Bh6 Qg8
35. Nxd6 Ng4+ 36. Ke1 Nxh2 37. Rxh2 Nd3+ 38. Bxd3 cxd3 39. Qe3 Ra8 40. Qd4 Be7
41. e5 Bf8 42. exf6 d2+ 43. Kxd2 Bxh6+ 44. Rxh6 Bd7 45. Rxh7+ Qxh7 46. f7+ Qg7
47. Qh4+ Qh7 48. Qf6+ Qg7 49. Qh4+ Qh7 50. Qe7 Qh6+ 51. Kc2 Rf8 52. Qxd7 Qg5
53. Qh3+ Kg7 54. Nge4 Qxd5 55. Qf3 Qe5 56. g4 Rh8 57. Kb3 a5 58. Ka2 Qe6+ 59.
c4 b4 60. g5 b3+ 61. Qxb3 Qe5 62. Qc3 Qxc3 63. Nxc3 Rb8 64. Nce4 1-0

[Event "16th 4NCL Congress"]
[Site "Coventry"]
[Date "2017.11.04"]
[Round "2"]
[Board "3"]
[White "Tan, Justin Hy"]
[Black "Hand, Freddie"]
[Result "1-0"]
[WhiteElo "2453"]
[BlackElo "2192"]
[PlyCount "85"]
[EventDate "2017.11.03"]
[EventRounds "5"]
[EventCountry "ENG"]

1. Nf3 d5 2. g3 Nf6 3. Bg2 c6 4. O-O Bf5 5. c4 e6 6. cxd5 exd5 7. d3 Be7 8. Nc3
O-O 9. Bf4 Re8 10. Re1 h6 11. e4 Bh7 12. e5 Nfd7 13. d4 Nf8 14. Be3 a5 15. Nd2
Na6 16. a3 Ne6 17. f4 b5 18. Qf3 Qb6 19. Qf2 b4 20. axb4 Nxb4 21. f5 Ng5 22.
Rf1 Nc2 23. Nc4 Qb3 24. Nxa5 Qxb2 25. Na4 Qxa1 26. Rxa1 Nxa1 27. Nxc6 Rxa4 28.
h4 Ne4 29. Bxe4 dxe4 30. d5 Ra6 31. g4 Bf8 32. Qb2 h5 33. Bd4 hxg4 34. Qb7 Raa8
35. e6 fxe6 36. dxe6 Nc2 37. Be5 Kh8 38. f6 Ra1+ 39. Bxa1 Nxa1 40. Qf7 Bc5+ 41.
Kg2 Rg8 42. e7 Bxe7 43. fxe7 1-0

[Event "16th 4NCL Congress"]
[Site "Coventry"]
[Date "2017.11.04"]
[Round "2"]
[Board "4"]
[White "Richmond, Jane"]
[Black "Williams, Simon K"]
[Result "0-1"]
[WhiteElo "2124"]
[BlackElo "2437"]
[PlyCount "48"]
[EventDate "2017.11.03"]
[EventRounds "5"]
[EventCountry "ENG"]

1. e4 e6 2. d4 d5 3. Nc3 Nf6 4. Bg5 dxe4 5. Nxe4 Be7 6. Bxf6 Bxf6 7. Nf3 Nd7 8.
Qd2 Be7 9. Bd3 O-O 10. Rd1 b6 11. O-O Bb7 12. Qf4 Nf6 13. c4 Bd6 14. Nxd6 cxd6
15. Rfe1 Rc8 16. b3 g6 17. Rc1 Nh5 18. Qe3 Qf6 19. Ng5 Bxg2 20. Nxh7 Kxh7 21.
Kxg2 Nf4+ 22. Kh1 Kg7 23. Be4 Rh8 24. Bg2 Rh5 0-1

[Event "16th 4NCL Congress"]
[Site "Coventry"]
[Date "2017.11.04"]
[Round "2"]
[Board "5"]
[White "Longson, Sarah N"]
[Black "Merry, Alan B"]
[Result "0-1"]
[WhiteElo "2102"]
[BlackElo "2422"]
[PlyCount "60"]
[EventDate "2017.11.03"]
[EventRounds "5"]
[EventCountry "ENG"]

1. e4 e6 2. d4 d5 3. Nc3 Nf6 4. Bg5 dxe4 5. Nxe4 Be7 6. Nxf6+ Bxf6 7. Bxf6 Qxf6
8. c3 O-O 9. Qf3 Qe7 10. Bd3 Nd7 11. Ne2 Rb8 12. O-O b6 13. Nf4 Bb7 14. Qh3 g6
15. Qg3 c5 16. h4 cxd4 17. cxd4 Rfd8 18. Rfe1 Nf8 19. d5 e5 20. Qe3 Nd7 21. h5
Qg5 22. hxg6 Qxf4 23. gxh7+ Kh8 24. Qxf4 exf4 25. Re4 Nc5 26. Rd4 Nxd3 27. Rxd3
Rxd5 28. Rad1 Rbd8 29. Rxd5 Rxd5 30. Re1 Rg5 0-1